000 00295nam a22001337a 4500
008 170404b xxu||||| |||| 00| 0 eng d
020 _a2900073514450
041 _aeng
080 _211TH
_a574
100 _a9
101 _aSHM
245 _aENVIRONMENTAL ISSUES
_cEASTON, TH.A
942 _2udc
_cBK
999 _c9645
_d9645